000 00562nam a2200217Ia 4500
008 160303s9999 xx 000 0 und d
020 _a1-4018-4192-9
050 _aMAIN R 119
050 _b.T47 2005
100 _aTerryberry, Karl
245 _aWriting for the health profession /
245 _cKarl Terryberry.
260 _aNew York :
260 _bThomson Delmar Learning.
260 _c2005
300 _a347 pages :
300 _billustrations (some color) ;
300 _c28 cm.
500 _aIncludes index.
650 _aMedical writing.
999 _c291103
_d291103